Wiceprezydenci USA, którzy zostali prezydentami - Statystyki

Ogólne statystyki
  • Ten quiz został rozwiązany 12 razy
  • Średni wynik to 8 z 15
Statystyki odpowiedzi
Inaugurowano Powód Odpowiedź % Poprawnych
1974 Rezygnacja Gerald Ford
80%
1945 Śmierć Harry Truman
80%
2021 Elekcja Joe Biden
80%
1969 Elekcja Richard Nixon
70%
1801 Elekcja Thomas Jefferson
70%
1797 Elekcja John Adams
60%
1963 Zamach Lyndon B. Johnson
50%
1837 Elekcja Martin Van Buren
50%
1865 Zamach Andrew Johnson
40%
1923 Śmierć Calvin Coolidge
40%
1989 Elekcja George H. W. Bush
40%
1841 Smierć John Tyler
40%
1850 Śmierć Millard Fillmore
40%
1901 Zamach Theodore Roosevelt
30%
1881 Zamach Chester A. Arthur
10%
Nie znaleziono quizów pasujących do podanych kryteriów
Rozkład punktacji
Procent ludzi z każdym wynikiem
Percentyl według liczby udzielonych odpowiedzi
Twoja historia wyników
Nie rozwiązałeś tego quizu